[Event "Kurgan"]
[Site "Kurgan"]
[Date "1993.??.??"]
[Round "?"]
[White "Predein, Vladimir"]
[Black "Vaulin, Alexander"]
[Result "1/2-1/2"]
[WhiteElo "2315"]
[BlackElo "2500"]
[PlyCount "31"]
[EventDate "1993.12.??"]
[EventType "tourn"]
[EventRounds "13"]
[EventCountry "RUS"]
[EventCategory "8"]
[SourceTitle "CBM 038 Extra"]
[Source "ChessBase"]
[SourceDate "1994.03.01"]
[SourceVersion "1"]
[SourceVersionDate "1994.03.01"]
[SourceQuality "1"]

1. e4 c5 2. Nf3 d6 3. d4 cxd4 4. Nxd4 Nf6 5. Nc3 a6 6. Be3 e5 7. Nf3 Qc7 8. a4 Nbd7 9. Be2 Nc5 10. Nd2 Be6 11. 0-0 Be7 12. a5 0-0 13. f3 d5 14. exd5 Bxd5 15. Nc4 Rad8 16. Qe1 1/2-1/2

[Event "Kurgan"]
[Site "Kurgan"]
[Date "1993.??.??"]
[Round "?"]
[White "Rashkovsky, Nukhim N"]
[Black "Predein, Vladimir"]
[Result "1-0"]
[WhiteElo "2530"]
[BlackElo "2315"]
[PlyCount "81"]
[EventDate "1993.12.??"]
[EventType "tourn"]
[EventRounds "13"]
[EventCountry "RUS"]
[EventCategory "8"]
[SourceTitle "CBM 038 Extra"]
[Source "ChessBase"]
[SourceDate "1994.03.01"]
[SourceVersion "1"]
[SourceVersionDate "1994.03.01"]
[SourceQuality "1"]

1. d4 Nf6 2. c4 c5 3. d5 e6 4. Nc3 exd5 5. cxd5 d6 6. e4 g6 7. Bd3 Bg7 8. Nf3 Bg4 9. h3 Bxf3 10. Qxf3 a6 11. 0-0 Nfd7 12. Qg3 0-0 13. Bg5 f6 14. Bd2 Ne5 15. Be2 b5 16. f4 Nf7 17. Bg4 Nd7 18. Be6 Qe7 19. Rae1 Kh8 20. h4 b4 21. Nd1 Nd8 22. Qh3 Nxe6 23. dxe6 Nb8 24. h5 gxh5 25. f5 Rg8 26. Qxh5 Bf8 27. Bf4 Qg7 28. Re2 Be7 29. Ne3 Bf8 30. Rf3 c4 31. Rh3 Ra7 32. g3 c3 33. b3 d5 34. exd5 Bc5 35. Qf3 Qb7 36. Kf1 Rd8 37. Reh2 Bxe3 38. Bxe3 Rxd5 39. Bxa7 Nc6 40. Qe3 Rd1+ 41. Ke2 1-0